000 00557cam a22002052 4500
001 0000002514
005 20151217155816.0
008 070412s xx 000 0 eng d
020 _cKES 510
040 _aKABU
_cKABU
050 0 _aHF5635
_b.K562
100 1 _aKimuda, Daniel W.
_@0000151894
245 1 2 _aA Textbook of financial accounting.
260 _aNairobi :
_bHeinemann Kenya,
_c1986.
300 _a368 p.
650 0 _aAccounting.
_@0000148321
908 _a070412
950 _@1
999 _c12710
_d12710